South as a state of mind/ (Record no. 4052)

MARC details
000 -LEADER
campo de control de longitud fija 01753nam a22005177a 4500
003 - IDENTIFICADOR DE NÚMERO DE CONTROL
campo de control OSt
005 - FECHA Y HORA DE LA ÚLTIMA TRANSACCIÓN
campo de control 20230719113748.0
008 - DATOS DE LONGITUD FIJA--INFORMACIÓN GENERAL
campo de control de longitud fija 221006b |||||||| |||| 00| 0 eng d
020 ## - NÚMERO INTERNACIONAL ESTÁNDAR DEL LIBRO
Número Internacional Estándar del Libro 9 772241 390004
040 ## - FUENTE DE CATALOGACIÓN
Centro/agencia transcriptor Biblioteca Lado V
082 ## - NÚMERO DE LA CLASIFICACIÓN DECIMAL DEWEY
Número de clasificación 701.18
Número de ítem L357s
100 ## - ENTRADA PRINCIPAL--NOMBRE DE PERSONA
9 (RLIN) 900
Nombre de persona Latimer, Quinn
Término indicativo de función/relación editor
245 ## - MENCIÓN DEL TÍTULO
Título South as a state of mind/
260 ## - PUBLICACIÓN, DISTRIBUCIÓN, ETC.
Fecha de publicación, distribución, etc. 2016
Nombre del editor, distribuidor, etc. Fotolio & Typicon S.A.
Lugar de publicación, distribución, etc. Athenas
300 ## - DESCRIPCIÓN FÍSICA
Dimensiones 23x30cm
Extensión 260p.
490 ## - MENCIÓN DE SERIE
Mención de serie 14
Designación de volumen o secuencia 3
Número Internacional Normalizado para Publicaciones Seriadas 2241 3901
505 ## - NOTA DE CONTENIDO CON FORMATO
Nota de contenido con formato Editors' Letter
505 ## - NOTA DE CONTENIDO CON FORMATO
Nota de contenido con formato Enfleshment of Memory Neni Panourgia
505 ## - NOTA DE CONTENIDO CON FORMATO
Nota de contenido con formato So Many Hungers Natasha Ginwala
505 ## - NOTA DE CONTENIDO CON FORMATO
Nota de contenido con formato Negative Moment: Political Geology in the Twenty-First Century Nabil Ahmed.
505 ## - NOTA DE CONTENIDO CON FORMATO
Nota de contenido con formato To Create the Sound of Hunger
505 ## - NOTA DE CONTENIDO CON FORMATO
Nota de contenido con formato The Aesthetics of Hunger<br/>The Aesthetics of Dreaming<br/>Glauber Rocha
505 ## - NOTA DE CONTENIDO CON FORMATO
Nota de contenido con formato Walking with Nandita
505 ## - NOTA DE CONTENIDO CON FORMATO
Nota de contenido con formato The Middle
505 ## - NOTA DE CONTENIDO CON FORMATO
Nota de contenido con formato How to Write Painting
505 ## - NOTA DE CONTENIDO CON FORMATO
Nota de contenido con formato Writing the Ecocide-Genocide Knot
505 ## - NOTA DE CONTENIDO CON FORMATO
Nota de contenido con formato Windless Path
505 ## - NOTA DE CONTENIDO CON FORMATO
Nota de contenido con formato The Death of Cattelan Roee Rosen
505 ## - NOTA DE CONTENIDO CON FORMATO
Nota de contenido con formato H+G
505 ## - NOTA DE CONTENIDO CON FORMATO
Nota de contenido con formato A Mighty Forest Dieter Roelstraete
505 ## - NOTA DE CONTENIDO CON FORMATO
Nota de contenido con formato Envoy
505 ## - NOTA DE CONTENIDO CON FORMATO
Nota de contenido con formato From Logocular
505 ## - NOTA DE CONTENIDO CON FORMATO
Nota de contenido con formato Lala Rukh
505 ## - NOTA DE CONTENIDO CON FORMATO
Nota de contenido con formato Revolutionary Work
505 ## - NOTA DE CONTENIDO CON FORMATO
Nota de contenido con formato Language is Migrant
505 ## - NOTA DE CONTENIDO CON FORMATO
Nota de contenido con formato Contributors
505 ## - NOTA DE CONTENIDO CON FORMATO
Nota de contenido con formato YSL/New Waves
505 ## - NOTA DE CONTENIDO CON FORMATO
Nota de contenido con formato Colophon
650 ## - PUNTO DE ACCESO ADICIONAL DE MATERIA--TÉRMINO DE MATERIA
Fuente del encabezamiento o término Tesauro de Arte & Arquitectura
Término de materia o nombre geográfico como elemento de entrada ARTE CONTEMPORANEO
650 ## - PUNTO DE ACCESO ADICIONAL DE MATERIA--TÉRMINO DE MATERIA
Fuente del encabezamiento o término Tesauro de Arte & Arquitectura
Término de materia o nombre geográfico como elemento de entrada ANALISIS
9 (RLIN) 702
650 ## - PUNTO DE ACCESO ADICIONAL DE MATERIA--TÉRMINO DE MATERIA
Fuente del encabezamiento o término Tesauro de Arte & Arquitectura
Término de materia o nombre geográfico como elemento de entrada CRITICA
650 ## - PUNTO DE ACCESO ADICIONAL DE MATERIA--TÉRMINO DE MATERIA
Fuente del encabezamiento o término Tesauro de Arte & Arquitectura
Término de materia o nombre geográfico como elemento de entrada FOTOGRAFIA
9 (RLIN) 702
651 ## - PUNTO DE ACCESO ADICIONAL DE MATERIA--NOMBRE GEOGRÁFICO
Fuente del encabezamiento o término Tesauro de Arte & Arquitectura
Nombre geográfico AFRICA
700 ## - ENTRADA AGREGADA--NOMBRE PERSONAL
Nombre de persona Szymczyk, Adam
Término indicativo de función/relación editor
942 ## - ELEMENTOS DE ENTRADA SECUNDARIOS (KOHA)
Fuente del sistema de clasificación o colocación Clasificación Decimal Dewey
Tipo de ítem Koha Libros
Parte de la signatura que corresponde a la clasificación (Parte de la clasificación) 701.18
Parte de la signatura que identifica el ejemplar (Parte del ítem) L357s
Suprimir en OPAC No
Holdings
Estatus retirado Estado de pérdida Fuente del sistema de clasificación o colocación Especificación de materiales (volumen encuadernado u otra parte) Estado de daño No para préstamo Colección Biblioteca de origen Biblioteca actual Fecha de adquisición Enumeración/cronología de publicación seriada Número de inventario Total de préstamos Signatura topográfica completa Código de barras Visto por última vez Precio de reemplazo Tipo de ítem Koha
    Clasificación Decimal Dewey 3     Revistas Biblioteca LadoV Biblioteca LadoV 19/07/2023 14 003231   701.18 L357s 003231 19/07/2023 19/07/2023 Libros